Pohledávky za domácnostmi tvoří většinu inkasních agentur

Preverovanie vlastníckej štruktúry partnera a zdroje financovania pohľadávok. Spôsob narábania s pohľadávkami po ich odkúpení. Zákon o inkasnej činnosti a rozšírenie etického kódexu.

Saved in:
Bibliographic Details
Main Author: Gazárek, Vladimír
Format: Book Chapter
Language:Czech
Subjects:
Tags: Add Tag
No Tags, Be the first to tag this record!

MARC

LEADER 00000naa a2200000 4500
001 0174521
005 20231211082847.6
041 0 |a cze 
044 |a CZ 
245 1 0 |a Pohledávky za domácnostmi tvoří většinu inkasních agentur  |c Vladimír Gazárek 
520 |a Preverovanie vlastníckej štruktúry partnera a zdroje financovania pohľadávok. Spôsob narábania s pohľadávkami po ich odkúpení. Zákon o inkasnej činnosti a rozšírenie etického kódexu. 
610 2 0 |a veritelia 
610 2 0 |a dlžníci 
610 2 0 |a inkaso 
610 2 0 |a pohľadávky 
610 2 0 |a splátky 
610 2 0 |a odkúpenie pohľadávok 
610 2 0 |a agentúry 
610 2 0 |a kódexy etické 
100 1 |a Gazárek, Vladimír